000 00628nam a2200205 i 4500
001 77273
003 ES-MaACL
005 20230906173136.0
007 t|
008 041007s1967 sp ||||1| spa d
080 _a591.4
100 1 _aHabel, Robert E.
_961371
245 1 0 _aAnatomía y manual de disección de los rumiantes domésticos /
_cRobert E. Habel ; [traducción, José Sandoval Juárez].
260 _aZaragoza :
_bAcribia,
_c[1967]
300 _a198 p. :
_bil. ;
_c22 cm.
650 4 _aAnatomía animal.
_9151728
650 _aRumiantes.
_916954
700 1 _aSandoval, J.
_9103112
852 4 _aES-MaACL
_jC-50454
999 _c77273
_d77273